يحكى أن / (رقم التسجيلة. 138265)

تفاصيل مارك
000 -LEADER
fixed length control field 00573nam a22001817a 4500
005 - DATE AND TIME OF LATEST TRANSACTION
control field 20251108175619.0
008 - FIXED-LENGTH DATA ELEMENTS--GENERAL INFORMATION
fixed length control field 250721s2017 xx 000 0 ara d
082 14 - DEWEY DECIMAL CLASSIFICATION NUMBER
Classification number ط/ق/ناص
100 1# - MAIN ENTRY--PERSONAL NAME
Personal name ناصر، أمل
245 10 - TITLE STATEMENT
Title يحكى أن /
264 1# - PRODUCTION, PUBLICATION, DISTRIBUTION, MANUFACTURE, AND COPYRIGHT NOTICE
Place of production, publication, distribution, manufacture لبنان :
Name of producer, publisher, distributor, manufacturer دار البنان للطباعة والتسجيل والنشر والتوزيع،
Date of production, publication, distribution, manufacture, or copyright notice 2017.
300 ## - PHYSICAL DESCRIPTION
Extent 46ص.
650 17 - SUBJECT ADDED ENTRY--TOPICAL TERM
Topical term or geographic name as entry element ادب الاطفال
650 17 - SUBJECT ADDED ENTRY--TOPICAL TERM
Topical term or geographic name as entry element القصص العربية
653 ## - INDEX TERM--UNCONTROLLED
Uncontrolled term اطفال مرحلة متوسطة (6-9) سنوات
942 ## - ADDED ENTRY ELEMENTS (KOHA)
Source of classification or shelving scheme Dewey Decimal Classification
Koha item type كتب
المقتنيات
حالة السحب حالة الفقدان مصدر التصنيف حالة التلف غير قابل للإعارة المكتبة الرئيسية المكتبة الحالية موقع الرف تاريخ التزويد الرقم المتسلسل Total Checkouts رقم الإستدعاء الباركود تاريخ آخر ظهور تاريخ الفاتورة نوع المادة (كوها)
    Dewey Decimal Classification     المكتبة المركزية المكتبة المركزية الأطفال 28/07/2025 1691388   ط/ق/ناص PLD00436738 28/07/2025 28/07/2025 كتب
    Dewey Decimal Classification     المكتبة المركزية المكتبة المركزية مقتنيات قسم التزويد 28/07/2025 1691389   ط/ق/ناص   28/07/2025 28/07/2025 كتب
    Dewey Decimal Classification     مكتبة الياسمين للأطفال مكتبة الياسمين للأطفال الأطفال 20/11/2018 1691391   ط/ق/ناص PLD00438677 28/07/2025 20/11/2018 كتب
    Dewey Decimal Classification     مكتبة حمزة العامة مكتبة حمزة العامة الأطفال 20/11/2018 1691390   ط/ق/ناص PLD00438676 28/07/2025 20/11/2018 كتب
    Dewey Decimal Classification     مكتبة مرج الحمام مكتبة مرج الحمام الأطفال 20/11/2018 1691392   ط/ق/ناص PLD00438678 28/07/2025 20/11/2018 كتب
Implemented & Customized by: BBB with SCIT (Smart Chains for Information Technology)

Powered by Koha